Departamentos de Entre Rios - Estadísticas

Estadísticas generales
  • Esta prueba ha sido intentada 124 veces
  • La puntuación promedio es 13 de 17
Estadísticas de respuestas
Respuesta % Correcto
Paraná
100%
Gualeguay
93%
Gualeguaychú
93%
Colón
86%
Uruguay
82%
Concordia
81%
Federación
81%
Diamante
79%
Victoria
79%
Federal
74%
La Paz
74%
Islas del Ibicuy
67%
Tala
67%
Feliciano
63%
Villaguay
63%
Nogoyá
60%
San Salvador
56%
No se encontraron pruebas coincidentes
Distribución de puntuación
Porcentaje de gente con cada puntuación
Porcentaje por número respondido
Historial de tus puntuaciones
No has intentado esta prueba.